Educational change in reorganized school districts. (Record no. 22198)

MARC details
000 -LEADER
fixed length control field 01098cam a22002771 4500
001 - CONTROL NUMBER
control field e 53000049
003 - CONTROL NUMBER IDENTIFIER
control field DLC
005 - DATE AND TIME OF LATEST TRANSACTION
control field 20260227111235.0
008 - FIXED-LENGTH DATA ELEMENTS--GENERAL INFORMATION
fixed length control field 800222s1953 dcu f000 0 eng c
010 ## - LIBRARY OF CONGRESS CONTROL NUMBER
LC control number e 53000049
035 ## - SYSTEM CONTROL NUMBER
System control number (OCoLC)6011297
040 ## - CATALOGING SOURCE
Original cataloging agency U.S. Office of Education Library
Transcribing agency MChB
Modifying agency DLC
042 ## - AUTHENTICATION CODE
Authentication code premarc
050 00 - LIBRARY OF CONGRESS CALL NUMBER
Classification number L111
Item number .A6 1953, no. 4
051 ## - LIBRARY OF CONGRESS COPY, ISSUE, OFFPRINT STATEMENT
Classification number LB2861
Item number .F53
082 ## - DEWEY DECIMAL CLASSIFICATION NUMBER
Classification number 379.15
100 1# - MAIN ENTRY--PERSONAL NAME
Personal name Fitzwater, Charles Ocelus,
Dates associated with a name 1906-
245 10 - TITLE STATEMENT
Title Educational change in reorganized school districts.
260 ## - PUBLICATION, DISTRIBUTION, ETC.
Place of publication, distribution, etc. [Washington]
Name of publisher, distributor, etc. U.S. Dept. of Health, Education and Welfare, Office of Education
Date of publication, distribution, etc. [1953]
300 ## - PHYSICAL DESCRIPTION
Extent viii, 53 p.
Dimensions 23 cm.
490 1# - SERIES STATEMENT
Series statement United States. Office of Education. Bulletin,
Volume/sequential designation 1953, no. 4
501 ## - WITH NOTE
With note Copies 1 and 2 of L111.A6 with: How children learn to write / Helen K. Mackintosh. Washington : U.S. Govt. Print. Off., 1953. Bound together subsequent to publication.
Institution to which field applies DLC
650 #0 - SUBJECT ADDED ENTRY--TOPICAL TERM
Topical term or geographic name entry element Schools
General subdivision Centralization.
740 0# - ADDED ENTRY--UNCONTROLLED RELATED/ANALYTICAL TITLE
Uncontrolled related/analytical title Reorganized school districts.
830 #0 - SERIES ADDED ENTRY--UNIFORM TITLE
Uniform title Bulletin (United States. Office of Education) ;
Volume/sequential designation 1953, no. 4.

No items available.

Powered by Koha